Historia de la psicología (Record no. 10625)

MARC details
000 -LEADER
campo de control de longitud fija 00734nam a2200229 i 4500
001 - NÚMERO DE CONTROL
campo de control 10625
003 - IDENTIFICADOR DE NÚMERO DE CONTROL
campo de control ES-MaACL
005 - FECHA Y HORA DE LA ÚLTIMA TRANSACCIÓN
campo de control 20230906145927.0
007 - CAMPO FIJO DE DESCRIPCIÓN FÍSICA--INFORMACIÓN GENERAL
campo de control de longitud fija t|
008 - DATOS DE LONGITUD FIJA--INFORMACIÓN GENERAL
campo de control de longitud fija 931029s1993 sp d |||| | spa
020 ## - NÚMERO INTERNACIONAL ESTÁNDAR DEL LIBRO
Número Internacional Estándar del Libro 84-309-2299-7
080 ## - NÚMERO DE LA CLASIFICACIÓN DECIMAL UNIVERSAL
Número de la Clasificación Decimal Universal 159.9(082)
245 00 - MENCIÓN DEL TÍTULO
Título Historia de la psicología
Resto del título : textos y comentarios /
Mención de responsabilidad, etc. Elena Quiñones, Francisco Tortosa, Helio Carpintero (directores).
260 ## - PUBLICACIÓN, DISTRIBUCIÓN, ETC.
Lugar de publicación, distribución, etc. Madrid :
Nombre del editor, distribuidor, etc. Tecnos,
Fecha de publicación, distribución, etc. [1993]
300 ## - DESCRIPCIÓN FÍSICA
Extensión 630 p :
Otras características físicas gráf. ;
Dimensiones 22 cm.
504 ## - NOTA DE BIBLIOGRAFÍA, ETC.
Nota de bibliografía, etc. Bibliografía: p. 607-620.
650 14 - PUNTO DE ACCESO ADICIONAL DE MATERIA--TÉRMINO DE MATERIA
Término de materia o nombre geográfico como elemento de entrada Psicología-
Subdivisión de forma Historia.
9 (RLIN) 16547
700 1# - ENTRADA AGREGADA--NOMBRE PERSONAL
Nombre de persona Quiñones, Elena.
9 (RLIN) 94749
700 1# - ENTRADA AGREGADA--NOMBRE PERSONAL
Nombre de persona Tortosa, Francisco.
9 (RLIN) 111083
700 1# - ENTRADA AGREGADA--NOMBRE PERSONAL
Nombre de persona Carpintero, Helio (
Fechas asociadas al nombre 1939-)
9 (RLIN) 172420
852 ## - LOCALIZACIÓN
Ubicación ES-MaACL
Número de control de estantería L-18030
Holdings
Estatus retirado Estado de pérdida Estado de daño No para préstamo Biblioteca de origen Biblioteca actual Ubicación en estantería Fecha de adquisición Fuente de adquisición Total de préstamos Signatura topográfica completa Código de barras Visto por última vez Precio de reemplazo Tipo de ítem Koha
        Biblioteca del Ateneo de Madrid Biblioteca del Ateneo de Madrid Depósito 2 17/01/2008     L-18030 1010837 23/02/2023 23/02/2023 Libro impreso